Bangiya loke sanskriti kosh (Record no. 1464750)

MARC details
000 -LEADER
fixed length control field 00685nam a22002177a 4500
005 - DATE AND TIME OF LATEST TRANSACTION
control field 20251014144806.0
008 - FIXED-LENGTH DATA ELEMENTS--GENERAL INFORMATION
fixed length control field 251014b |||||||| |||| 00| 0 eng d
037 ## - SOURCE OF ACQUISITION
Terms of availability TB
040 ## - CATALOGING SOURCE
Original cataloging agency CRL
Transcribing agency CRL
041 ## - LANGUAGE CODE
Source of code BEN
Language code of text/sound track or separate title BEN
084 ## - COLON CLASSIFICATION NUMBER
Classification number Y:351.275k 157P5
Item number CRL
100 ## - MAIN ENTRY--PERSONAL NAME
Personal name Chakraborty, Barun Kumar
9 (RLIN) 848263
245 ## - TITLE STATEMENT
Title Bangiya loke sanskriti kosh
260 ## - PUBLICATION, DISTRIBUTION, ETC.
Place of publication, distribution, etc. Delhi, India:
Name of publisher, distributor, etc. Aparna Book Distributors,
Date of publication, distribution, etc. 2005.
300 ## - PHYSICAL DESCRIPTION
Extent 624p.
365 ## - TRADE PRICE
Price amount 400.00
Currency code INR
650 ## - SUBJECT ADDED ENTRY--TOPICAL TERM
Topical term or geographic name entry element Sociology
9 (RLIN) 848264
650 ## - SUBJECT ADDED ENTRY--TOPICAL TERM
Topical term or geographic name entry element Folklore
9 (RLIN) 848265
942 ## - ADDED ENTRY ELEMENTS (KOHA)
Source of classification or shelving scheme Colon Classification (CC)
Koha item type Textbook
Classification part Y:351.275k 157P5
Suppress in OPAC No
Holdings
Withdrawn status Lost status Source of classification or shelving scheme Damaged status Not for loan Home library Current library Date acquired Source of acquisition Cost, normal purchase price Inventory number Total Checkouts Full call number Barcode Date last seen Price effective from Koha item type
    Colon Classification (CC)     Central Library Central Library 2025-10-14 Mukta Dhara 400.00 M/2008/07 & 05.02.2008   Y:351.275k 157P5 CL1182524 2025-10-14 2025-10-14 Textbook
Copyright @ Delhi University Library System